Countries closest to Central India - Statistics

General Stats
  • This quiz has been taken 8 times
  • The average score is 12 of 13
Answer Stats
Hint Answer % Correct
Asia Afghanistan
100%
Asia Bhutan
100%
Asia China
100%
Asia Nepal
100%
Asia Pakistan
100%
Asia Sri Lanka
100%
Asean Thailand
100%
Asia Bangladesh
88%
Asia Iran
88%
Asia Maldives
88%
Asean Myanmar(Burma)
88%
Asia Tajikistan
88%
Asia Oman
63%
No matching quizzes found
Score Distribution
Percent of People with Each Score
Percentile by Number Answered
Your Score History
You have not taken this quiz